LEADER 02625oam 22007095 450 001 9910777676503321 005 20200520144314.0 010 $a1-280-85771-4 010 $a9786610857715 010 $a0-8213-6946-6 024 7 $a10.1596/978-0-8213-6945-6 035 $a(CKB)1000000000474817 035 $a(EBL)459687 035 $a(OCoLC)507298624 035 $a(SSID)ssj0000088063 035 $a(PQKBManifestationID)11997932 035 $a(PQKBTitleCode)TC0000088063 035 $a(PQKBWorkID)10069872 035 $a(PQKB)11383954 035 $a(MiAaPQ)EBC459687 035 $a(Au-PeEL)EBL459687 035 $a(CaPaEBR)ebr10176225 035 $a(CaONFJC)MIL85771 035 $a(OCoLC)228169235 035 $a(The World Bank)77116845 035 $a(The World Bank)ocm77116845 035 $a(US-djbf)14666792 035 $a(EXLCZ)991000000000474817 100 $a20061212d2007 uf 0 101 0 $aeng 135 $aurcn||||||||| 181 $ctxt$2rdacontent 182 $cc$2rdamedia 183 $acr$2rdacarrier 200 00$aLocal budgeting /$fedited by Anwar Shah 210 1$aWashington, D.C. :$cWorld Bank,$dc2007. 215 $axxii, 381 pages $cillustrations ;$d23 cm 225 0 $aPublic sector governance and accountability series 300 $aDescription based upon print version of record. 311 $a0-8213-6945-8 320 $aIncludes bibliographical references and index. 327 $aContents; Foreword; Preface; Acknowledgments; Contributors; Abbreviations and Acronyms; Overview; Part I Fiscal Administration; BOXES; TABLES; Part II Local Budgeting; FIGURES; Index 330 $aThis book provides a comprehensive treatment of all aspects of local budgeting needed to develop sound fiscal administration such as setting priorities, planning, financial control over inputs, management of operations and accountability to citizens. Topics covered include fiscal administration, forecasting, fiscal discipline, fiscal transparency, integrity of revenue administration, budget formats, and processes including performance budgeting, and capital budgeting. 410 0$aWorld Bank e-Library. 606 $aLocal budgets 606 $aLocal finance 615 0$aLocal budgets. 615 0$aLocal finance. 676 $a352.4/8214 701 $aShah$b Anwar$0125713 801 0$bDLC 801 1$bDLC 801 2$bBAKER 801 2$bBTCTA 801 2$bC#P 801 2$bUKM 801 2$bYDXCP 801 2$bDLC 906 $aBOOK 912 $a9910777676503321 996 $aLocal budgeting$93810992 997 $aUNINA LEADER 04247oam 2200781 c 450 001 9910556096203321 005 20260302090207.0 010 $a9783839454190 010 $a3839454190 024 7 $a10.14361/9783839454190 035 $a(CKB)5450000000014733 035 $a(DE-B1597)563043 035 $a(DE-B1597)9783839454190 035 $a(OCoLC)1233041302 035 $a(Bielefeld University Press)9783839454190 035 $a(MiAaPQ)EBC6956231 035 $a(Au-PeEL)EBL6956231 035 $a(MiAaPQ)EBC30386800 035 $a(Au-PeEL)EBL30386800 035 $a(ScCtBLL)cbff56cd-7c6c-4886-82dc-d053003d4204 035 $a(Perlego)2335833 035 $a(EXLCZ)995450000000014733 100 $a20260302d2020 uy 0 101 0 $aeng 135 $aur||#|||||||| 181 $ctxt$2rdacontent 182 $cc$2rdamedia 183 $acr$2rdacarrier 200 00$aDigital Methods in the Humanities$eChallenges, Ideas, Perspectives$fSilke Schwandt 205 $a1st ed. 210 $aBielefeld$cBielefeld University Press$d2020 215 $a1 online resource (312 p.) 225 0 $aDigital Humanities Research 327 $aFrontmatter 1 Contents 5 Introduction 7 Open Access, Open Data, Open Software? 25 Navigating Disciplinary Differences in (Digital) Research Projects Through Project Management 59 From Text to Data 89 Testing Hypotheses with Dirty OCR and Web-Based Tools in Periodical Studies 131 Challenging the Copia 161 Text Mining, Travel Writing, and the Semantics of the Global 185 From Serial Sources to Modeled Data 217 Looking for Textual Evidence 239 The Historical Semantics of Temporal Comparisons Through the Lens of Digital Humanities 269 Authors 309 330 $aDigital Humanities is a transformational endeavor that not only changes the perception, storage, and interpretation of information but also of research processes and questions. It also prompts new ways of interdisciplinary communication between humanities scholars and computer scientists.This volume offers a unique perspective on digital methods for and in the humanities. It comprises case studies from various fields to illustrate the challenge of matching existing textual research practices and digital tools. Problems and solutions with and for training tools as well as the adjustment of research practices are presented and discussed with an interdisciplinary focus. 330 1 $a»Als eine Sammlung konkreter Berichte über die Verwendung digitaler Methoden ist dieses Buch eine gute Einführung. Hier können geisteswissenschaftliche ForscherInnen ohne direkte Erfahrungen mit digitalen Methoden inspirierende Beispiele finden.« 330 1 $a»Die Digital Humanities allgemein regen eine Methodenreflexionin den Geisteswissenschaften an, die abseits aller äußeren Einflüsse im intrinsischen Interesse dieser liegen sollte. Der von Silke Schwandt herausgegebene Sammelband illustriert dies anschaulich.« 330 1 $aBesprochen in:https://pub.uni-bielefeld.de, 1 (2021) 410 0$aDigital Humanities Research 517 2 $aSchwandt (ed.), Digital Methods in the Humanities$eChallenges, Ideas, Perspectives 606 $aDigital Humanities 606 $aDigital Methods 606 $aCorpus Analysis 606 $aVisualization 606 $aMedia 606 $aScience 606 $aMedia History 606 $aDigital Media 606 $aBielefeld University Press 615 4$aDigital Humanities 615 4$aDigital Methods 615 4$aCorpus Analysis 615 4$aVisualization 615 4$aMedia 615 4$aScience 615 4$aMedia History 615 4$aDigital Media 615 4$aBielefeld University Press 676 $a025.060013 702 $aSchwandt$b Silke$p

Silke Schwandt, Universität Bielefeld, Deutschland

$4edt 712 02$aDeutsche Forschungsgemeinschaft (DFG) - SFB 1288 "Practices of Comparing. Ordering and Changing the World"$4fnd$4http://id.loc.gov/vocabulary/relators/fnd 801 0$bMiAaPQ 801 1$bMiAaPQ 801 2$bMiAaPQ 906 $aBOOK 912 $a9910556096203321 996 $aDigital Methods in the Humanities$92562907 997 $aUNINA